00553nam a2200145Ia 4500008004100000082001500041100002200056245004800078260003900126630001800165650009500183942000900278952010500287999001500392211109s9999||||xx |||||||||||||| ||und|| a821bARN-P aArnold [mathew],  0aPoems The Austan Books Of English Poetry 40 bNATIONAL BOOKSTALLaKottayamc1900 xGeneral Stack aLiterature and rhetoricvEnglish and old english literatureEnglish poetryPoetryxGeneralia cBOOK 00104070aSBCLbSBCLc2d2021-11-09l0o821 ARN-Pp00008293r2021-11-09 00:00:00w2021-11-09yBOOK c7785d7785